Central Library OPAC University of Rajshahi
Normal view MARC view

Entry Personal Name

Number of records used in: 2

001 - CONTROL NUMBER

  • control field: 6227

003 - CONTROL NUMBER IDENTIFIER

  • control field: BD-RjUL

005 - DATE AND TIME OF LATEST TRANSACTION

  • control field: 20221208112154.0

008 - FIXED-LENGTH DATA ELEMENTS

  • fixed length control field: 221208|| aca||aabn | a|a d

040 ## - CATALOGING SOURCE

  • Original cataloging agency: BD-RjUL
  • Transcribing agency: BD-RjUL

100 ## - HEADING--PERSONAL NAME

  • Personal name: أنطاكي، داؤد بن عمر. Anṭākī, Dāʼūd ibn ʻUmar,
  • Dates associated with a name: -1599

670 ## - SOURCE DATA FOUND

  • Source citation: Work cat.: (BD-RjUL)80932: أنطاكي، داؤد بن عمر. Anṭākī, Dāʼūd ibn ʻUmar, -1599., تذكرة أولى الألباب والجامع للعجب العجاب Tadhkirat ūlī al-albāb wa-al-jāmiʻ lil-ʻajab al-ʻujāb./